000 00627nam a2200193Ia 4500
008 151121s9999||||xx |||||||||||||| ||und||
082 _a813-/राजाध्य
082 _bHNW-54497
100 _aराजाध्यक्ष विजया
245 _aस्वच्छंद
260 _b"डिंपल प्रकाशन, ठाणे।"
260 _c--
300 _a126
600 _aराजाध्यक्ष विजया
630 _aस्वच्छंद
700 _aराजाध्यक्ष विजया
730 _aस्वच्छंद
942 _cBOOK
999 _c1237760
_d1237757